[Event "XXVI Festival Conca della Presolana A"]
[Site "Bratto - Castione della Presolana ITA"]
[Date "2006.08.25"]
[Round "7"]
[White "Ambrosi, Eleonora"]
[Black "Crippa, Gabriele"]
[Result "1-0"]
[WhiteElo "2147"]
[BlackElo "2078"]
[PlyCount "75"]
[EventDate "2006.08.19"]

1. e4 d6 2. d4 Nf6 3. Nc3 e5 4. dxe5 dxe5 5. Qxd8+ Kxd8 6. f4 Bb4 7. Bd2 exf4
8. O-O-O Bg4 9. Nf3 Nbd7 10. Bc4 Be6 11. Bxe6 fxe6 12. Bxf4 Bxc3 13. bxc3 Nxe4
14. Rhe1 Nxc3 15. Rd2 Nd5 16. Bg5+ Kc8 17. Rxe6 N7f6 18. c4 Nb6 19. Re7 Nxc4
20. Rd4 Nd6 21. Rxg7 Nfe8 22. Re7 h6 23. Bh4 Nf5 24. Rh7 Nxd4 25. Rxh8 Nxf3 26.
Rxe8+ Kd7 27. Re7+ Kd6 28. gxf3 Rg8 29. Re2 c5 30. Bg3+ Kd5 31. Kc2 b5 32. Re5+
Kd4 33. Re4+ Kd5 34. Re5+ Kd4 35. f4 Rc8 36. Bf2+ Kc4 37. f5 a5 38. f6 1-0

[Event "XXVI Festival Conca della Presolana A"]
[Site "Bratto - Castione della Presolana ITA"]
[Date "2006.08.25"]
[Round "7"]
[White "Andreoli, Renato"]
[Black "Brun, Dario"]
[Result "1/2-1/2"]
[WhiteElo "2137"]
[BlackElo "2040"]
[PlyCount "30"]
[EventDate "2006.08.19"]

1. Nf3 d5 2. g3 c5 3. Bg2 Nc6 4. d4 e6 5. O-O Nf6 6. c4 dxc4 7. Qa4 cxd4 8.
Nxd4 Qxd4 9. Bxc6+ Bd7 10. Be3 Qxb2 11. Bxd7+ Nxd7 12. Rd1 b5 13. Qa6 Rd8 14.
Nd2 c3 15. Nb3 c2 1/2-1/2

[Event "XXVI Festival Conca della Presolana A"]
[Site "Bratto - Castione della Presolana ITA"]
[Date "2006.08.25"]
[Round "7"]
[White "Andreolini, Mauro"]
[Black "Isonzo, David"]
[Result "0-1"]
[WhiteElo "2195"]
[BlackElo "2361"]
[PlyCount "80"]
[EventDate "2006.08.19"]

1. d4 Nf6 2. Nf3 g6 3. c4 Bg7 4. e3 O-O 5. Nc3 c5 6. Be2 cxd4 7. exd4 d5 8. O-O
Nc6 9. Re1 Bg4 10. cxd5 Nxd5 11. h3 Be6 12. Be3 Rc8 13. Qd2 Nxe3 14. fxe3 Qa5
15. a3 Rfd8 16. Rac1 Bf5 17. Bd3 Bh6 18. Qc2 Bxd3 19. Qxd3 e5 20. Rcd1 exd4 21.
exd4 Bg7 22. Ne2 Rc7 23. Rd2 Rcd7 24. Red1 Ne7 25. Kh1 Nf5 26. b4 Qb6 27. b5 h5
28. a4 h4 29. Qc3 Qd6 30. Rd3 Re7 31. Ne5 Rde8 32. Nc4 Qc7 33. Ng1 Rc8 34. Rc1
Ng3+ 35. Rxg3 Qxg3 36. Qd2 Rec7 37. Rc3 Bh6 38. Rxg3 Bxd2 39. Rd3 Bf4 40. Rf3
Bg3 0-1

[Event "XXVI Festival Conca della Presolana A"]
[Site "Bratto - Castione della Presolana ITA"]
[Date "2006.08.25"]
[Round "7"]
[White "Bellia, Fabrizio"]
[Black "Bentivegna, Francesco"]
[Result "1/2-1/2"]
[WhiteElo "2392"]
[BlackElo "2269"]
[PlyCount "30"]
[EventDate "2006.08.19"]

1. e4 e5 2. Nf3 Nc6 3. Bb5 a6 4. Ba4 Nf6 5. O-O b5 6. Bb3 Bc5 7. c3 d6 8. a4
Rb8 9. d4 Bb6 10. axb5 axb5 11. Na3 O-O 12. Nxb5 exd4 13. cxd4 Bg4 14. Ra4 Re8
15. Bg5 h6 1/2-1/2

[Event "XXVI Festival Conca della Presolana A"]
[Site "Bratto - Castione della Presolana ITA"]
[Date "2006.08.25"]
[Round "7"]
[White "Bianco, Raffaele"]
[Black "Gasperoni, Stefano"]
[Result "1/2-1/2"]
[WhiteElo "2069"]
[BlackElo "2009"]
[PlyCount "28"]
[EventDate "2006.08.19"]

1. d4 Nf6 2. c4 e5 3. dxe5 Ng4 4. Nf3 Bc5 5. e3 Nc6 6. Be2 Ngxe5 7. O-O d6 8.
Nc3 Nxf3+ 9. Bxf3 Ne5 10. b3 O-O 11. Bb2 Bb6 12. Nd5 c6 13. Bxe5 dxe5 14. Nxb6
Qxb6 1/2-1/2

[Event "XXVI Festival Conca della Presolana A"]
[Site "Bratto - Castione della Presolana ITA"]
[Date "2006.08.25"]
[Round "7"]
[White "Bonazzi, Edoardo"]
[Black "Bresciani, Nicola"]
[Result "0-1"]
[WhiteElo "2151"]
[BlackElo "2290"]
[PlyCount "76"]
[EventDate "2006.08.19"]

1. Nf3 Nf6 2. c4 b6 3. g3 c5 4. Bg2 Bb7 5. Nc3 e6 6. O-O d6 7. d4 cxd4 8. Qxd4
a6 9. Rd1 Be7 10. Bg5 Nbd7 11. Qd2 Qc7 12. Rac1 O-O 13. Bf4 Ne8 14. b3 Rd8 15.
e4 Ne5 16. Nd4 Nf6 17. Qe2 h6 18. h3 Rfe8 19. Be3 Qb8 20. f4 Ned7 21. Bf2 Qa8
22. Nc2 Rc8 23. Ne1 Red8 24. Nd3 b5 25. cxb5 axb5 26. Nxb5 Bxe4 27. Bd4 d5 28.
Nf2 Bxg2 29. Kxg2 Bc5 30. Bxc5 Nxc5 31. Nd4 Nce4 32. Nxe4 Nxe4 33. Qb2 Qa6 34.
a4 Rxc1 35. Rxc1 Qd3 36. Ne2 Rb8 37. Qc2 Qe3 38. Rf1 Rxb3 0-1

[Event "XXVI Festival Conca della Presolana A"]
[Site "Bratto - Castione della Presolana ITA"]
[Date "2006.08.25"]
[Round "7"]
[White "Borgo, Giulio"]
[Black "Sax, Gyula"]
[Result "1/2-1/2"]
[WhiteElo "2414"]
[BlackElo "2545"]
[PlyCount "45"]
[EventDate "2006.08.19"]

1. Nf3 Nf6 2. c4 e6 3. g3 d5 4. Bg2 c6 5. Qc2 Nbd7 6. d4 Bb4+ 7. Bd2 Be7 8. O-O
O-O 9. Bf4 Nh5 10. Bc1 Nhf6 11. Bf4 Nh5 12. Bc1 b6 13. Ne5 Nxe5 14. dxe5 f5 15.
b3 Bb7 16. Ba3 Bxa3 17. Nxa3 Qe7 18. Qb2 f4 19. b4 Rad8 20. Rad1 Qg5 21. Rd3
Rf5 22. Nc2 Rff8 23. Qc3 1/2-1/2

[Event "XXVI Festival Conca della Presolana A"]
[Site "Bratto - Castione della Presolana ITA"]
[Date "2006.08.25"]
[Round "7"]
[White "Bruno, Fabio"]
[Black "Cugini, Verter"]
[Result "1-0"]
[WhiteElo "2388"]
[BlackElo "2209"]
[PlyCount "33"]
[EventDate "2006.08.19"]

1. d4 d6 2. g3 e5 3. dxe5 dxe5 4. Qxd8+ Kxd8 5. Nc3 c6 6. f4 Bb4 7. fxe5 Bxc3+
8. bxc3 Bf5 9. Bg5+ Kc7 10. Bf4 Be6 11. Nf3 Ne7 12. Ng5 Nd5 13. e4 Nb6 14. Nxf7
Re8 15. Ng5 h6 16. Nxe6+ Rxe6 17. Bh3 1-0

[Event "XXVI Festival Conca della Presolana A"]
[Site "Bratto - Castione della Presolana ITA"]
[Date "2006.08.25"]
[Round "7"]
[White "Burani, Eugenio"]
[Black "Saccani, Ettore"]
[Result "1-0"]
[WhiteElo "2034"]
[BlackElo "1940"]
[PlyCount "67"]
[EventDate "2006.08.19"]

1. e4 e6 2. d4 d5 3. e5 b6 4. c3 Qd7 5. a4 a5 6. Nf3 Ne7 7. Bd3 Ba6 8. O-O Ng6
9. Na3 Be7 10. Nc2 c5 11. Bxa6 Nxa6 12. Be3 c4 13. g3 Nc7 14. h4 h5 15. Bg5 f5
16. exf6 gxf6 17. Bd2 O-O-O 18. Na3 Rdg8 19. b3 Bd6 20. Kg2 e5 21. dxe5 fxe5
22. bxc4 Nxh4+ 23. Nxh4 Rg4 24. Rh1 dxc4 25. Nxc4 Qc6+ 26. f3 Rxg3+ 27. Kxg3
Rg8+ 28. Kf2 Qxc4 29. Qe2 Bc5+ 30. Be3 Bxe3+ 31. Qxe3 Nd5 32. Qxe5 Nf4 33. Rad1
Ne6 34. Qd5 1-0

[Event "XXVI Festival Conca della Presolana A"]
[Site "Bratto - Castione della Presolana ITA"]
[Date "2006.08.25"]
[Round "7"]
[White "Campomori, Bruno"]
[Black "Vinzoni, Andrea"]
[Result "1-0"]
[WhiteElo "2025"]
[BlackElo "2116"]
[PlyCount "103"]
[EventDate "2006.08.19"]

1. e4 e6 2. d4 d5 3. Nd2 c5 4. e5 cxd4 5. Ndf3 Nc6 6. a3 f6 7. Bf4 fxe5 8. Bxe5
Nxe5 9. Nxe5 Nf6 10. Ngf3 Bd6 11. Qxd4 O-O 12. Bd3 Nd7 13. Ng4 Rf4 14. Qe3 Nc5
15. Nge5 Nxd3+ 16. cxd3 Qa5+ 17. Ke2 Rf5 18. b4 d4 19. Qe4 Qd5 20. Nc4 Bd7 21.
Qxd5 Rxd5 22. Rhe1 Be7 23. Kd2 Bf6 24. Rac1 Rf8 25. Re2 Rf5 26. Nce5 Be8 27.
Rc8 Bxe5 28. Nxe5 Rxf2 29. Rc7 Bc6 30. Nxc6 bxc6 31. Rxa7 R2f6 32. Ra6 Rc8 33.
Kc2 e5 34. Kb3 Re6 35. Ra5 Rce8 36. Re4 Kf7 37. Rc5 Kf6 38. a4 g5 39. Kc4 Ra8
40. a5 h5 41. b5 cxb5+ 42. Rxb5 Rc8+ 43. Rc5 Ra8 44. Re2 g4 45. Rf2+ Kg6 46.
Kd5 Raa6 47. Ke4 Rf6 48. Rxf6+ Rxf6 49. Rc2 h4 50. Ra2 Ra6 51. Kxe5 Kg5 52. g3
1-0

[Event "XXVI Festival Conca della Presolana A"]
[Site "Bratto - Castione della Presolana ITA"]
[Date "2006.08.25"]
[Round "7"]
[White "Capece, Adolivio"]
[Black "Vivo, Mario"]
[Result "1/2-1/2"]
[WhiteElo "2041"]
[BlackElo "2165"]
[PlyCount "40"]
[EventDate "2006.08.19"]

1. Nf3 Nf6 2. c4 g6 3. g3 Bg7 4. Bg2 O-O 5. Nc3 d6 6. d3 e5 7. Bg5 h6 8. Bd2
Nbd7 9. Qc1 Kh7 10. h4 c6 11. Ng5+ Kg8 12. Nge4 Ng4 13. Bf3 Ngf6 14. Bxh6 d5
15. Bxg7 Kxg7 16. Nxf6 Nxf6 17. cxd5 cxd5 18. e4 d4 19. Ne2 Be6 20. Qd2 Rc8
1/2-1/2

[Event "XXVI Festival Conca della Presolana A"]
[Site "Bratto - Castione della Presolana ITA"]
[Date "2006.08.25"]
[Round "7"]
[White "Cecchetto, Vanni"]
[Black "Carosso, Andrea"]
[Result "0-1"]
[WhiteElo "2006"]
[BlackElo "2050"]
[PlyCount "54"]
[EventDate "2006.08.19"]

1. Nf3 Nf6 2. c4 c6 3. d4 d5 4. Nc3 dxc4 5. a4 Bf5 6. Nh4 Bg4 7. h3 Bh5 8. g4
Bg6 9. Nxg6 hxg6 10. Bg2 e6 11. O-O Qc7 12. f4 Nbd7 13. e4 O-O-O 14. Qe2 Be7
15. Be3 Rh7 16. Qxc4 Rdh8 17. b4 Rxh3 18. Rf3 Rxf3 19. Bxf3 g5 20. e5 Nd5 21.
Nxd5 exd5 22. Qb3 gxf4 23. Bxf4 Qb6 24. Be3 Qxb4 25. Qc2 Nb6 26. Qf5+ Kd8 27.
Kg2 Qb2+ 0-1

[Event "XXVI Festival Conca della Presolana A"]
[Site "Bratto - Castione della Presolana ITA"]
[Date "2006.08.25"]
[Round "7"]
[White "Costantini, Roberto"]
[Black "Astengo, Corrado"]
[Result "0-1"]
[WhiteElo "2293"]
[BlackElo "2119"]
[PlyCount "78"]
[EventDate "2006.08.19"]

1. e4 e6 2. d4 d5 3. Nc3 dxe4 4. Nxe4 Nd7 5. Nf3 Ngf6 6. Nxf6+ Nxf6 7. Be3 Nd5
8. Bd2 c5 9. Ne5 a6 10. c3 cxd4 11. Qa4+ Bd7 12. Nxd7 Qxd7 13. Qxd4 Nf6 14. Be3
Qxd4 15. Bxd4 Be7 16. g3 O-O-O 17. Bg2 h5 18. h3 Rhe8 19. O-O-O g6 20. Kc2 h4
21. g4 Nd5 22. Be5 Bc5 23. c4 f6 24. Bh2 Nb6 25. Rxd8+ Rxd8 26. Re1 e5 27. Be4
g5 28. Bd3 Bxf2 29. Rf1 Be3 30. Rxf6 e4 31. Bxe4 Rd2+ 32. Kb3 Rxh2 33. Rf8+ Kc7
34. Rf7+ Nd7 35. Bxb7 Kxb7 36. Rxd7+ Kc6 37. Rd3 Rxh3 38. Ka4 Rg3 39. b4 Bc1
0-1

[Event "XXVI Festival Conca della Presolana A"]
[Site "Bratto - Castione della Presolana ITA"]
[Date "2006.08.25"]
[Round "7"]
[White "D'Apa, Matteo"]
[Black "Astengo, Marcello"]
[Result "0-1"]
[WhiteElo "2020"]
[BlackElo "2109"]
[PlyCount "98"]
[EventDate "2006.08.19"]

1. d4 d5 2. c4 c6 3. Nc3 e6 4. Nf3 dxc4 5. a4 Bb4 6. Bd2 a5 7. e4 b5 8. axb5
Bxc3 9. Bxc3 cxb5 10. b3 Bb7 11. d5 Nf6 12. bxc4 b4 13. Bb2 O-O 14. Bd3 exd5
15. Bxf6 Qxf6 16. e5 Qd8 17. cxd5 Qxd5 18. O-O Nd7 19. Qe2 Nc5 20. Rfd1 Nxd3
21. Rxd3 Qc5 22. e6 Ba6 23. exf7+ Kh8 24. Qe3 Qb5 25. Rad1 Rxf7 26. Ng5 Rff8
27. Rd5 Qe2 28. Qg3 Bc4 29. Rd7 Rae8 30. Nf3 Re7 31. h3 Qe6 32. R1d6 Rxd7 33.
Rxe6 Bxe6 34. Qe5 Bd5 35. Qa1 Ra8 36. Qa4 Rb7 37. Nd2 b3 38. f4 b2 39. f5 b1=Q+
40. Nxb1 Rxb1+ 41. Kf2 Rbb8 42. g4 Bb3 43. Qd7 Rd8 44. Qe7 Re8 45. Qg5 Rf8 46.
h4 a4 47. h5 h6 48. Qf4 a3 49. g5 a2 0-1

[Event "XXVI Festival Conca della Presolana A"]
[Site "Bratto - Castione della Presolana ITA"]
[Date "2006.08.25"]
[Round "7"]
[White "De Nardi, Riccardo"]
[Black "Meng, Jean-Philippe"]
[Result "1-0"]
[WhiteElo "1973"]
[BlackElo "2058"]
[PlyCount "75"]
[EventDate "2006.08.19"]

1. e4 c5 2. Nf3 Nc6 3. d4 cxd4 4. c3 dxc3 5. Nxc3 e6 6. Bc4 d6 7. O-O Nf6 8.
Qe2 Qa5 9. Rd1 Be7 10. Nb5 O-O 11. Nxd6 Ne5 12. Nxc8 Raxc8 13. Bb3 Rfd8 14. Bf4
Nxf3+ 15. Qxf3 Nd7 16. Bd2 Bb4 17. Bxb4 Qxb4 18. Qd3 Qb6 19. Rac1 Rxc1 20. Rxc1
Ne5 21. Qc2 h6 22. Qc7 Qd4 23. h3 Rd7 24. Qc3 Qd2 25. Qxd2 Rxd2 26. Rc2 Rd1+
27. Kh2 Re1 28. Rc7 Re2 29. f4 Ng6 30. f5 Nf4 31. fxe6 Rxg2+ 32. Kh1 fxe6 33.
Bxe6+ Kh7 34. Rxb7 Rg3 35. Bf5+ Kg8 36. Rxa7 h5 37. b4 g6 38. Bd7 1-0

[Event "XXVI Festival Conca della Presolana A"]
[Site "Bratto - Castione della Presolana ITA"]
[Date "2006.08.25"]
[Round "7"]
[White "Dervishi, Erald"]
[Black "Komarov, Dimitri"]
[Result "1/2-1/2"]
[WhiteElo "2531"]
[BlackElo "2530"]
[PlyCount "63"]
[EventDate "2006.08.19"]

1. e4 e6 2. d4 d5 3. Nd2 c5 4. exd5 Qxd5 5. Ngf3 cxd4 6. Bc4 Qd6 7. O-O Nf6 8.
Nb3 Nc6 9. Nbxd4 Nxd4 10. Nxd4 a6 11. Bb3 Bd7 12. Re1 Qc7 13. Qf3 O-O-O 14. Bf4
Bd6 15. Bxd6 Qxd6 16. Rad1 Qc7 17. Re3 Kb8 18. Rc3 Qe5 19. Bc4 Ka7 20. Bf1 Bc8
21. Rcd3 Rd7 22. c3 Rhd8 23. g3 Qe4 24. Qxe4 Nxe4 25. f4 Kb6 26. Bg2 Nf6 27.
Bf3 Kc7 28. Kf2 b6 29. Ke2 Nd5 30. a3 Ne7 31. c4 Ng6 32. Nc6 1/2-1/2

[Event "XXVI Festival Conca della Presolana A"]
[Site "Bratto - Castione della Presolana ITA"]
[Date "2006.08.25"]
[Round "7"]
[White "Djabri, Katherine"]
[Black "Mazzariol, Oscar"]
[Result "1/2-1/2"]
[WhiteElo "2009"]
[BlackElo "2066"]
[PlyCount "69"]
[EventDate "2006.08.19"]

1. e4 c5 2. c3 g6 3. d4 cxd4 4. cxd4 d5 5. e5 Nc6 6. Nc3 Nh6 7. h3 f6 8. exf6
exf6 9. Nf3 Nf5 10. Bb5 Be6 11. O-O Bd6 12. Re1 Kf7 13. g4 Nfe7 14. Bh6 Ng8 15.
Bd2 Qd7 16. Bd3 Re8 17. Qb3 Nge7 18. Rxe6 Qxe6 19. Re1 Qd7 20. Kg2 Kg7 21. Nxd5
Nxd5 22. Qxd5 Rxe1 23. Bxe1 Rd8 24. Bb5 a6 25. Ba4 b5 26. Bb3 Bb8 27. Qe4 Re8
28. Qd3 Qd6 29. Bd2 Ba7 30. Be3 Re7 31. a4 bxa4 32. Bxa4 Nb4 33. Qd2 Nd5 34.
Bh6+ Kh8 35. Bf8 1/2-1/2

[Event "XXVI Festival Conca della Presolana A"]
[Site "Bratto - Castione della Presolana ITA"]
[Date "2006.08.25"]
[Round "7"]
[White "Djabri, Zafer M."]
[Black "You Zi Chih, Stefano"]
[Result "1-0"]
[WhiteElo "2059"]
[BlackElo "2038"]
[PlyCount "37"]
[EventDate "2006.08.19"]

1. c4 e6 2. e4 d5 3. exd5 exd5 4. d4 Nf6 5. Nf3 c6 6. Nc3 Be7 7. Be2 O-O 8. O-O
dxc4 9. Bxc4 Nbd7 10. Re1 Nb6 11. Bb3 Bg4 12. Qd3 Qc7 13. Bg5 Rad8 14. Ne5 Bh5
15. Qf5 Rxd4 16. Bxf6 g6 17. Qg5 h6 18. Qe3 Bc5 19. Qxh6 1-0

[Event "XXVI Festival Conca della Presolana A"]
[Site "Bratto - Castione della Presolana ITA"]
[Date "2006.08.25"]
[Round "7"]
[White "Drasko, Milan"]
[Black "Guido, Flavio"]
[Result "1-0"]
[WhiteElo "2521"]
[BlackElo "2323"]
[PlyCount "67"]
[EventDate "2006.08.19"]

1. d4 Nf6 2. c4 e6 3. Nc3 Bb4 4. Qc2 O-O 5. a3 Bxc3+ 6. Qxc3 b6 7. Bg5 Bb7 8.
f3 h6 9. Bh4 d5 10. e3 Nbd7 11. Nh3 c5 12. cxd5 Nxd5 13. Bxd8 Nxc3 14. Be7 Rfe8
15. Bh4 Nd5 16. Bb5 g5 17. Bf2 Red8 18. e4 N5f6 19. Be3 Rac8 20. Nf2 Nh5 21.
Ng4 Kg7 22. h4 Nf4 23. Kf2 f6 24. d5 a6 25. Bxd7 Rxd7 26. hxg5 hxg5 27. Bxf4
gxf4 28. Rh6 Rh8 29. Rxh8 Kxh8 30. Nxf6 Rf7 31. Rh1+ Kg7 32. Nh5+ Kf8 33. d6
Rh7 34. Rh3 1-0

[Event "XXVI Festival Conca della Presolana A"]
[Site "Bratto - Castione della Presolana ITA"]
[Date "2006.08.25"]
[Round "7"]
[White "Epishin, Vladimir V."]
[Black "Piscopo, Pierluigi"]
[Result "1/2-1/2"]
[WhiteElo "2555"]
[BlackElo "2393"]
[PlyCount "89"]
[EventDate "2006.08.19"]

1. d4 c5 2. d5 Nf6 3. c4 e6 4. Nc3 exd5 5. cxd5 d6 6. e4 g6 7. Nf3 Bg7 8. h3
O-O 9. Bd3 Nh5 10. O-O Nd7 11. Re1 Ne5 12. Be2 Nxf3+ 13. Bxf3 Qh4 14. Bxh5 gxh5
15. Qd2 Kh8 16. Qf4 Qe7 17. Qf3 h4 18. Bf4 Bd7 19. Re3 Bd4 20. Rae1 Qf6 21. e5
dxe5 22. Rxe5 Rfe8 23. Rxe8+ Rxe8 24. Rxe8+ Bxe8 25. Qe4 Bd7 26. Be3 b6 27.
Bxd4 cxd4 28. Ne2 d3 29. Qxd3 Qxb2 30. Qe3 f6 31. Nd4 Kg8 32. a3 Qa2 33. Nc6
Qc4 34. Kh2 Bxc6 35. Qe6+ Kg7 36. Qxc6 Qd4 37. Qd7+ Kf8 38. Qc8+ Kf7 39. Qe6+
Kf8 40. Qd6+ Kf7 41. Qc7+ Kf8 42. Qb8+ Ke7 43. Qc7+ Kf8 44. Qb8+ Ke7 45. Qc7+
1/2-1/2

[Event "XXVI Festival Conca della Presolana A"]
[Site "Bratto - Castione della Presolana ITA"]
[Date "2006.08.25"]
[Round "7"]
[White "Faccia, Sergio"]
[Black "Radice, Luca"]
[Result "0-1"]
[WhiteElo "2035"]
[BlackElo "2081"]
[PlyCount "90"]
[EventDate "2006.08.19"]

1. e4 d6 2. d4 Nf6 3. Nc3 e5 4. Nf3 Nbd7 5. Bc4 Be7 6. dxe5 Nxe5 7. Be2 O-O 8.
O-O c6 9. Bf4 Qc7 10. Qd4 Nfd7 11. Rad1 Nxf3+ 12. Bxf3 Ne5 13. Be2 Be6 14. Bg3
f5 15. f4 Nd7 16. Kh1 Nb6 17. Bf3 Rfd8 18. b3 d5 19. exd5 Nxd5 20. Nxd5 Bxd5
21. Bxd5+ Rxd5 22. Qc4 Rad8 23. Rxd5 Rxd5 24. Re1 Kf8 25. Bf2 b5 26. Qe2 Qd7
27. Be3 Bb4 28. Rf1 Qe7 29. Qf2 a6 30. h3 Kf7 31. c4 Rd3 32. cxb5 Qxe3 33. Qh4
Qe2 34. Rb1 Rd1+ 35. Rxd1 Qxd1+ 36. Kh2 axb5 37. Qxh7 Qd5 38. Qh5+ Kg8 39. Qe8+
Kh7 40. a4 bxa4 41. bxa4 Qe4 42. Qh5+ Kg8 43. Qg5 Be7 44. Qg3 Bd6 45. Qb3+ Kh7
0-1

[Event "XXVI Festival Conca della Presolana A"]
[Site "Bratto - Castione della Presolana ITA"]
[Date "2006.08.25"]
[Round "7"]
[White "Ferretti, Folco"]
[Black "Brunello, Sabino"]
[Result "0-1"]
[WhiteElo "2254"]
[BlackElo "2391"]
[PlyCount "52"]
[EventDate "2006.08.19"]

1. Nf3 Nf6 2. c4 e6 3. g3 b6 4. Bg2 Bb7 5. O-O Be7 6. Nc3 O-O 7. Re1 d5 8. cxd5
exd5 9. d4 Na6 10. Ne5 c5 11. dxc5 Nxc5 12. Be3 Re8 13. Rc1 Bd6 14. Nf3 Rxe3
15. fxe3 Qe7 16. Qd4 Nce4 17. Nxe4 dxe4 18. Nh4 g6 19. Rf1 Ng4 20. Bh3 Be5 21.
Qd2 Rd8 22. Qxd8+ Qxd8 23. Bxg4 Qg5 24. Bc8 Qxe3+ 25. Kh1 Bd5 26. Rc2 Bxa2 0-1

[Event "XXVI Festival Conca della Presolana A"]
[Site "Bratto - Castione della Presolana ITA"]
[Date "2006.08.25"]
[Round "7"]
[White "Ferro, Mario"]
[Black "De Santis, Alessio"]
[Result "0-1"]
[WhiteElo "2238"]
[BlackElo "2337"]
[PlyCount "72"]
[EventDate "2006.08.19"]

1. d4 Nf6 2. Nc3 e6 3. Bg5 h6 4. Bh4 c5 5. d5 Qb6 6. Bxf6 gxf6 7. e4 Qxb2 8.
Nge2 Qa3 9. h4 a6 10. Rh3 Qa5 11. Nf4 e5 12. Nh5 d6 13. Nxf6+ Ke7 14. Rf3 h5
15. Qd2 Kd8 16. g4 hxg4 17. Nxg4 f6 18. Ne3 b5 19. Rxf6 Ra7 20. Rb1 Rah7 21. a4
Be7 22. Rg6 b4 23. Qd3 Nd7 24. Nc4 Qc7 25. Nd1 Nf8 26. Rg1 Bxh4 27. Nde3 Qf7
28. Nf5 Bxf5 29. exf5 Qf6 30. Ne3 Ra7 31. a5 e4 32. Qxe4 Qc3+ 33. Ke2 Re7 34.
Qd3 Qe5 35. Rb3 Qf4 36. Rg2 c4 0-1

[Event "XXVI Festival Conca della Presolana A"]
[Site "Bratto - Castione della Presolana ITA"]
[Date "2006.08.25"]
[Round "7"]
[White "Fierro Baquero, Martha Lorena"]
[Black "Ranieri, Fabrizio"]
[Result "1-0"]
[WhiteElo "2314"]
[BlackElo "2227"]
[PlyCount "75"]
[EventDate "2006.08.19"]

1. e4 e6 2. d3 d5 3. Nd2 c5 4. g3 Nf6 5. Bg2 Nc6 6. Ngf3 Be7 7. O-O Qc7 8. Re1
b6 9. Qe2 Bb7 10. c3 a5 11. a4 Ba6 12. e5 Nd7 13. Nb1 O-O 14. Na3 Na7 15. Bf4
c4 16. d4 b5 17. axb5 Bxb5 18. h4 Bc6 19. h5 Rfb8 20. Nh2 Qd8 21. Bc1 Rb3 22.
f4 Rab8 23. f5 Bg5 24. fxe6 fxe6 25. Qg4 Bxc1 26. Qxe6+ Kh8 27. Raxc1 Rxb2 28.
Rc2 Nf8 29. Qf5 Qe7 30. Rf1 h6 31. Rxb2 Rxb2 32. Qxf8+ Qxf8 33. Rxf8+ Kh7 34.
Bh3 Rb3 35. Bf5+ g6 36. hxg6+ Kg7 37. Rf7+ Kg8 38. Ng4 1-0

[Event "XXVI Festival Conca della Presolana A"]
[Site "Bratto - Castione della Presolana ITA"]
[Date "2006.08.25"]
[Round "7"]
[White "Fontana, Enrico"]
[Black "Lucaroni, Massimiliano"]
[Result "0-1"]
[WhiteElo "2122"]
[BlackElo "2293"]
[PlyCount "96"]
[EventDate "2006.08.19"]

1. d4 d5 2. Nc3 Nf6 3. Bg5 Nbd7 4. e3 g6 5. Nf3 Bg7 6. Bd3 O-O 7. O-O c5 8. Re1
Re8 9. e4 dxe4 10. Nxe4 Nxe4 11. Bxe4 Qb6 12. c3 Qxb2 13. Qa4 Qb6 14. Rab1 Qc7
15. dxc5 Kf8 16. c6 Nc5 17. Qb4 Nxe4 18. cxb7 Bxb7 19. Qxb7 Qxb7 20. Rxb7 Nxg5
21. Nxg5 Bxc3 22. Reb1 h6 23. Ne4 Bd4 24. g3 Bb6 25. Kg2 Rab8 26. Rxb8 Rxb8 27.
Rb2 Rd8 28. Kf3 Rd4 29. Nd2 f5 30. Rc2 Ra4 31. Nc4 Bd4 32. Ke2 Kf7 33. f4 Kf6
34. Kd3 Ba1 35. Re2 g5 36. a3 Kf7 37. Re1 Bf6 38. Rb1 Ra6 39. Rb7 Kg6 40. Kc2
gxf4 41. gxf4 Kh5 42. h3 Kh4 43. Rb3 Rc6 44. Kd3 Kxh3 45. Ne5 Bxe5 46. fxe5 e6
47. Ke3 Kg3 48. Rd3 Rc4 0-1

[Event "XXVI Festival Conca della Presolana A"]
[Site "Bratto - Castione della Presolana ITA"]
[Date "2006.08.25"]
[Round "7"]
[White "Forato, Enrico"]
[Black "Frilli, Guido"]
[Result "1/2-1/2"]
[WhiteElo "1949"]
[BlackElo "2154"]
[PlyCount "80"]
[EventDate "2006.08.19"]

1. e4 c5 2. Nf3 Nc6 3. d4 cxd4 4. Nxd4 Nf6 5. Nc3 e5 6. Ndb5 d6 7. Bg5 a6 8.
Na3 b5 9. Bxf6 gxf6 10. Nd5 Bg7 11. g3 f5 12. Bg2 O-O 13. exf5 Bxf5 14. Ne3 Ne7
15. Nxf5 Nxf5 16. Qd3 Nd4 17. c3 b4 18. Nc4 bxc3 19. bxc3 d5 20. Ne3 e4 21. Qd2
Nb5 22. Nxd5 Qa5 23. Rc1 Rfd8 24. c4 Qxd2+ 25. Kxd2 Bh6+ 26. Ke2 Nd4+ 27. Kd1
Bxc1 28. Kxc1 Kg7 29. Bxe4 Rac8 30. Ne3 Ne6 31. Kc2 Nc5 32. Bd5 Na4 33. Rd1 Rb8
34. Bc6 Rxd1 35. Kxd1 Nc5 36. Kc2 a5 37. Kc3 a4 38. Bb5 Ne4+ 39. Kb4 Nxf2 40.
Kxa4 Nd3 1/2-1/2

[Event "XXVI Festival Conca della Presolana A"]
[Site "Bratto - Castione della Presolana ITA"]
[Date "2006.08.25"]
[Round "7"]
[White "Gangemi, Salvatore"]
[Black "Pesce, Gabriele"]
[Result "1/2-1/2"]
[WhiteElo "2077"]
[BlackElo "2006"]
[PlyCount "98"]
[EventDate "2006.08.19"]

1. c4 e5 2. Nc3 Nf6 3. g3 d5 4. cxd5 Nxd5 5. Bg2 Nb6 6. d3 Be7 7. Nf3 Nc6 8.
O-O O-O 9. Be3 f5 10. Qc1 Bf6 11. Bc5 Be7 12. Bxe7 Qxe7 13. e3 Be6 14. h4 Rad8
15. Rd1 f4 16. exf4 exf4 17. gxf4 Bg4 18. Re1 Qf6 19. Ne5 Nxe5 20. Rxe5 Rxd3
21. Nd5 Rxd5 22. Bxd5+ Nxd5 23. Rxd5 Bf3 24. Rg5 h6 25. Rg3 Bc6 26. Qc3 Qxc3
27. Rxc3 Rxf4 28. Rg3 Rxh4 29. f3 Rd4 30. Rf1 Bd5 31. a3 Rf4 32. Kf2 g5 33. Ke3
Kg7 34. Rfg1 Kg6 35. b4 c6 36. Rd1 b5 37. Rd4 Kf5 38. Rh3 Rxd4 39. Kxd4 h5 40.
Rxh5 Bxf3 41. Rh7 Kf4 42. Rxa7 g4 43. Rf7+ Kg3 44. Ke3 Bd5 45. Rg7 Bf3 46. Ra7
Bd5 47. a4 bxa4 48. Rxa4 Kh2 49. b5 cxb5 1/2-1/2

[Event "XXVI Festival Conca della Presolana A"]
[Site "Bratto - Castione della Presolana ITA"]
[Date "2006.08.25"]
[Round "7"]
[White "Gazzarri, Alberto"]
[Black "Beccaris, Gabriele"]
[Result "1/2-1/2"]
[WhiteElo "2143"]
[BlackElo "2025"]
[PlyCount "58"]
[EventDate "2006.08.19"]

1. e4 c5 2. c3 d5 3. exd5 Qxd5 4. d4 e6 5. Nf3 Nf6 6. Na3 cxd4 7. Nb5 Qd8 8.
Nbxd4 Be7 9. Bb5+ Bd7 10. Qb3 Bxb5 11. Qxb5+ Qd7 12. Ne5 Qxb5 13. Nxb5 Na6 14.
Be3 O-O 15. Bxa7 Rfd8 16. Bd4 Nd5 17. O-O f6 18. Nc4 e5 19. Bb6 Rdc8 20. Rfd1
Nxc3 21. Nxc3 Rxc4 22. Rd7 Ba3 23. Rb1 Bxb2 24. Rxb2 Rxc3 25. Be3 Nc5 26. Rd1
Ne6 27. g3 Rca3 28. Rxb7 Rxa2 29. Rdd7 Re8 1/2-1/2

[Event "XXVI Festival Conca della Presolana A"]
[Site "Bratto - Castione della Presolana ITA"]
[Date "2006.08.25"]
[Round "7"]
[White "Godena, Michele"]
[Black "Mogranzini, Roberto"]
[Result "1/2-1/2"]
[WhiteElo "2528"]
[BlackElo "2352"]
[PlyCount "49"]
[EventDate "2006.08.19"]

1. e4 c5 2. Nf3 e6 3. c3 Nf6 4. e5 Nd5 5. Bc4 d6 6. d4 cxd4 7. cxd4 Nb6 8. Bd3
dxe5 9. dxe5 Na6 10. Qe2 Nc5 11. Bc2 Nd5 12. O-O Be7 13. Rd1 Bd7 14. Nbd2 Rc8
15. Nc4 O-O 16. Nd6 Rc7 17. Rd4 f6 18. Ng5 fxg5 19. Qh5 g6 20. Bxg6 hxg6 21.
Qxg6+ Kh8 22. Qh6+ Kg8 23. Qg6+ Kh8 24. Qh6+ Kg8 25. Qg6+ 1/2-1/2